00497 2200193 4500001002100000005001500021008004100036020002200077035001900099041000700118082001200125090001800137100003000155245003500185260003200220300002600252500001000278650001500288INLIS00000000000455720241224112932241224||||||||| | ||| |||| || |  a978-602-6827-12-8 0010-1224004557 aid0 a297.071 a297.071 MUH m0 aMUHAMMAD FATHURROHMAN DKK00aMERETAS PENDIDIKAN BERKUALITAS aYogyakartabKALIMEDIAc2016 avii + 540 hlm.; 20 cm aCET 1 0aIlmu Agama